[Event "Titled Tue 3rd Jun Early"]
[Site "chess.com INT"]
[Date "2025.06.03"]
[Round "7"]
[White "Dwilewicz, Katarzyna"]
[Black "Deboushnik De"]
[Result "0-1"]
[WhiteTitle "WFM"]
[BlackTitle "CM"]
[WhiteElo "2207"]
[BlackElo "2207"]
[WhiteFideId "1148486"]
[BlackFideId "25768778"]
[EventDate "2025.06.03"]

1. e4 e6 2. d4 d5 3. Nd2 c5 4. Ngf3 cxd4 5. Nxd4 Nc6 6. Bb5 Bd7 7. Nxc6 bxc6 8.
Bd3 Bd6 9. Qe2 e5 10. exd5 cxd5 11. c4 Ne7 12. cxd5 Nxd5 13. Be4 Nf4 14. Qa6 Bc5
15. O-O Rb8 16. Bc6 Rb6 17. Bxd7+ Qxd7 18. Qa5 Bd4 19. Nb3 Qg4 20. Bxf4 Qxf4 21.
Qa4+ Kf8 22. Nxd4 Qxd4 23. Qxa7 g6 24. Rad1 Qxb2 25. Rd7 Rf6 26. Rb7 Qe2 27. a4
Kg7 28. a5 Rd8 29. Rb6 Qxf2+ 30. Rxf2 Rd1+ 0-1

[Event "Titled Tue 3rd Jun Early"]
[Site "chess.com INT"]
[Date "2025.06.03"]
[Round "7"]
[White "Dreelinck, Jacob"]
[Black "Otdelnov, Kirill"]
[Result "0-1"]
[WhiteTitle "FM"]
[BlackTitle "FM"]
[WhiteElo "2262"]
[BlackElo "2273"]
[WhiteFideId "250511"]
[BlackFideId "24280216"]
[EventDate "2025.06.03"]

1. e4 e6 2. d4 d5 3. Nc3 Bb4 4. e5 c5 5. a3 Bxc3+ 6. bxc3 Nc6 7. Qg4 g6 8. h4 h6
9. Nf3 Qa5 10. Bd2 Qa4 11. Bd3 Nge7 12. Ra2 b6 13. Qf4 Ba6 14. dxc5 Qxf4 15.
Bxf4 Bxd3 16. cxd3 bxc5 17. Be3 c4 18. dxc4 dxc4 19. Bc5 Nd5 20. Kd2 Rb8 21. Kc2
Rb3 22. Bb4 a6 23. Nd2 Ncxb4+ 24. axb4 Rxc3+ 25. Kd1 Rd3 26. Ke2 Nc3+ 27. Ke1
Nxa2 28. Nxc4 O-O 29. Ke2 Rd4 30. Ne3 Rfd8 31. Ra1 Nxb4 0-1

[Event "Titled Tue 3rd Jun Early"]
[Site "chess.com INT"]
[Date "2025.06.03"]
[Round "7"]
[White "Heimann, Alexander"]
[Black "Dubnevych, Maksym"]
[Result "1-0"]
[BlackTitle "FM"]
[WhiteElo "2238"]
[BlackElo "2292"]
[WhiteFideId "2006073"]
[BlackFideId "14184001"]
[EventDate "2025.06.03"]

1. e4 e5 2. Nf3 Nc6 3. Bb5 a6 4. Ba4 Bc5 5. O-O Nge7 6. c3 Ng6 7. d4 Ba7 8. Bxc6
dxc6 9. Nxe5 Nxe5 10. dxe5 Qh4 11. Qf3 Rg8 12. Qg3 Qxe4 13. Nd2 Qg6 14. Nb3 Be6
15. Nd4 Bd5 16. Be3 O-O-O 17. Rfe1 Kb8 18. a3 Rge8 19. Bg5 Rd7 20. Rad1 h6 21.
Bf4 Qxg3 22. Bxg3 g6 23. h3 h5 24. e6 fxe6 25. c4 c5 26. Nf3 Bc6 27. Ne5 Rxd1
28. Rxd1 Ba4 29. Rd3 Kc8 30. b3 Bc6 31. Nxc6 bxc6 32. Be5 Rd8 33. Rxd8+ Kxd8 34.
Kf1 Kd7 35. Ke2 Bb6 36. Bc3 Kd6 37. Ke3 e5 38. Ke4 Ke6 39. g4 hxg4 40. hxg4 g5
41. f3 Ba7 42. Bxe5 Bb6 43. Bc3 Ba7 44. a4 Bb8 45. a5 Ba7 46. Be5 Bb6 47. axb6
cxb6 48. Bc7 b5 49. Bb6 Kd6 50. Bd8 Kd7 51. Bxg5 1-0

[Event "Titled Tue 3rd Jun Early"]
[Site "chess.com INT"]
[Date "2025.06.03"]
[Round "7"]
[White "Shankland, Sam"]
[Black "Bukreev, Stanislav"]
[Result "1-0"]
[WhiteTitle "GM"]
[BlackTitle "FM"]
[WhiteElo "2666"]
[BlackElo "2328"]
[WhiteFideId "2004887"]
[BlackFideId "34252347"]
[EventDate "2025.06.03"]

1. d4 e6 2. c4 Nf6 3. Nf3 d5 4. Nc3 c5 5. cxd5 Nxd5 6. e4 Nxc3 7. bxc3 cxd4 8.
cxd4 Bb4+ 9. Bd2 Bxd2+ 10. Qxd2 O-O 11. Bc4 Nd7 12. O-O b6 13. Rad1 Bb7 14. Rfe1
Rc8 15. Bb3 Re8 16. h3 h6 17. Ba4 a6 18. Qd3 b5 19. Bc2 Qa5 20. Bb1 Qc3 21. Nd2
e5 22. d5 Qxd3 23. Bxd3 Kf8 24. Nb3 Ke7 25. Na5 Ba8 26. a4 Rc5 27. axb5 axb5 28.
Rb1 Rb8 29. Rb4 Kd6 30. Reb1 Nf6 31. f3 Nd7 32. Bxb5 f6 33. Nc4+ Ke7 34. Bxd7
Rxb4 35. Rxb4 Kxd7 36. Nb6+ Kd6 37. Nxa8 Ra5 38. Nb6 Ra1+ 39. Kh2 Kc5 40. d6 Rd1
41. d7 Rd6 42. Rb1 Kc6 43. Kg1 Rd2 44. Kf1 h5 45. Ke1 Rd6 46. Ke2 g5 47. Nd5
Kxd7 48. Rb6 Rxb6 49. Nxb6+ Ke6 50. Nd5 f5 51. g4 fxg4 52. fxg4 hxg4 53. hxg4
Kd6 54. Kd3 Kc5 55. Ne3 Kb4 56. Nd1 Kb3 57. Nf2 Kb2 58. Nh3 Kc1 59. Nxg5 Kd1 60.
Nf3 1-0

[Event "Titled Tue 3rd Jun Early"]
[Site "chess.com INT"]
[Date "2025.06.03"]
[Round "7"]
[White "Levitan, Caleb Levi"]
[Black "Pulido Alvarez, Ariel"]
[Result "0-1"]
[WhiteTitle "FM"]
[BlackTitle "FM"]
[WhiteElo "2333"]
[BlackElo "2252"]
[WhiteFideId "14332620"]
[BlackFideId "3503011"]
[EventDate "2025.06.03"]

1. e4 c5 2. Nf3 e6 3. d4 cxd4 4. Nxd4 a6 5. c4 Nf6 6. Nc3 d6 7. g4 h6 8. Be3 Nc6
9. Be2 Be7 10. Rg1 Qc7 11. Qd2 b6 12. Nxc6 Qxc6 13. O-O-O Bb7 14. f3 O-O-O 15.
Kb1 Kb8 16. Qc2 Nd7 17. Na4 Rc8 18. Qb3 Nc5 19. Nxc5 bxc5 20. Bf4 Ka8 21. Qc2
Rhd8 22. Rd3 Bg5 23. Bxg5 hxg5 24. Rgd1 Rd7 25. Bf1 Rh8 26. e5 d5 27. cxd5 exd5
28. Rc3 d4 29. Rxc5 Qxf3 30. Rc7 Rxc7 31. Qxc7 Qxd1+ 32. Qc1 Be4+ 0-1

[Event "Titled Tue 3rd Jun Early"]
[Site "chess.com INT"]
[Date "2025.06.03"]
[Round "7"]
[White "Lyakh, Vasiliy"]
[Black "Pham, Le Thao Nguyen"]
[Result "1-0"]
[BlackTitle "IM"]
[WhiteElo "2116"]
[BlackElo "2388"]
[WhiteFideId "14189828"]
[BlackFideId "12401226"]
[EventDate "2025.06.03"]

1. d4 d5 2. c4 c6 3. Nc3 Nf6 4. Nf3 a6 5. c5 g6 6. Bf4 Bg7 7. e3 O-O 8. Be2 Re8
9. O-O Nbd7 10. Ne5 Nf8 11. b4 N6d7 12. a4 Nxe5 13. Bxe5 f6 14. Bg3 e5 15. b5
Ne6 16. Qd2 exd4 17. exd4 f5 18. Be5 Bxe5 19. dxe5 Nxc5 20. bxc6 bxc6 21. Qc2
Ne6 22. Rfd1 a5 23. Rab1 Qc7 24. Bf3 Qxe5 25. Re1 Qd6 26. Rb6 Qd7 27. Qd2 Qc7
28. Qb2 Bd7 29. Bxd5 cxd5 30. Nxd5 Nf4 31. Ne7+ Rxe7 32. Rxe7 Re8 33. Qg7# 1-0

[Event "Titled Tue 3rd Jun Early"]
[Site "chess.com INT"]
[Date "2025.06.03"]
[Round "7"]
[White "Jasinski, Alexander"]
[Black "Kleimenov, Nikolay"]
[Result "1/2-1/2"]
[BlackTitle "CM"]
[WhiteElo "1964"]
[BlackElo "2198"]
[WhiteFideId "55627994"]
[BlackFideId "34414223"]
[EventDate "2025.06.03"]

1. e4 c5 2. Nf3 d6 3. Bb5+ Nd7 4. d4 cxd4 5. Qxd4 a6 6. Bxd7+ Qxd7 7. c4 e5 8.
Qd3 f5 9. Nc3 Nf6 10. O-O h6 11. Rd1 Be7 12. b3 O-O 13. Ba3 Rd8 14. exf5 Qc6 15.
Nd5 Nxd5 16. Qxd5+ Qxd5 17. Rxd5 Bxf5 18. Nxe5 Bf6 19. Nf3 Be4 20. Rdd1 Bxf3 21.
gxf3 Bxa1 22. Rxa1 Rd7 23. Kg2 d5 24. cxd5 Rxd5 25. Rc1 Rd7 26. Rc2 Re8 27. Bc1
Re6 28. Be3 Kf7 29. f4 Rc6 30. Re2 Kf6 31. Kf3 Kf5 32. Rb2 Rd3 33. b4 g5 34.
fxg5 hxg5 35. b5 g4+ 36. Kg2 Rcc3 37. bxa6 bxa6 38. a4 Ra3 39. Rb4 Ra2 40. Kg3
Rd1 41. Rf4+ Ke5 42. Rxg4 Rg1+ 43. Kf3 Rxg4 44. Kxg4 Rxa4+ 45. Kg5 Ke4 46. h4
Ra5+ 47. Kg6 Ra1 48. h5 Rg1+ 49. Bg5 Kf3 50. h6 Rh1 51. h7 Rxh7 52. Kxh7 Kxf2
53. Bf6 Ke2 54. Kg6 Kd3 55. Kf5 a5 56. Ke6 a4 57. Kd5 a3 58. Kc5 a2 59. Ba1 Kc2
60. Bh8 Kb1 61. Kb4 a1=Q 62. Bxa1 1/2-1/2

[Event "Titled Tue 3rd Jun Early"]
[Site "chess.com INT"]
[Date "2025.06.03"]
[Round "7"]
[White "Gelman, Alexander"]
[Black "Punin, Andrii"]
[Result "0-1"]
[WhiteTitle "IM"]
[BlackTitle "FM"]
[WhiteElo "2403"]
[BlackElo "2289"]
[WhiteFideId "4118316"]
[BlackFideId "14112639"]
[EventDate "2025.06.03"]

1. d4 d5 2. Nc3 Nf6 3. Bf4 c5 4. e3 cxd4 5. exd4 a6 6. Nf3 Nc6 7. Ne5 e6 8. Nxc6
bxc6 9. Qf3 Bd6 10. O-O-O Bxf4+ 11. Qxf4 a5 12. g4 Ba6 13. Bxa6 Rxa6 14. h4 Nd7
15. g5 Qb8 16. Qg4 a4 17. h5 Nb6 18. g6 Nc4 19. gxf7+ Kxf7 20. b3 axb3 21. cxb3
Qb4 22. Qf3+ Ke7 23. bxc4 Ra3 24. Rh3 Rha8 25. Kd2 Rxa2+ 26. Ke1 Rf8 27. Qe3
Rfxf2 28. cxd5 Qxc3+ 0-1

[Event "Titled Tue 3rd Jun Early"]
[Site "chess.com INT"]
[Date "2025.06.03"]
[Round "7"]
[White "Lira, Suan Bruno Fernandes"]
[Black "Calvo Gonzalez, Jose Felix"]
[Result "0-1"]
[BlackTitle "CM"]
[WhiteElo "2163"]
[BlackElo "2168"]
[WhiteFideId "22794620"]
[BlackFideId "54505615"]
[EventDate "2025.06.03"]

1. e4 c5 2. Nf3 d6 3. d4 cxd4 4. Nxd4 Nf6 5. Nc3 a6 6. h3 e6 7. g4 d5 8. exd5
Nxd5 9. Nde2 Bb4 10. Bg2 O-O 11. Bd2 Nxc3 12. Nxc3 Nc6 13. O-O Qc7 14. a3 Bd6
15. Ne4 Bf4 16. Bc3 Rd8 17. Qf3 e5 18. Rfd1 Be6 19. Nc5 Nd4 20. Bxd4 Bd5 21. Ne4
exd4 22. Rxd4 Be5 23. Rxd5 Rxd5 24. Nf6+ Bxf6 25. Qxd5 Bxb2 26. h4 Bxa1 0-1

[Event "Titled Tue 3rd Jun Early"]
[Site "chess.com INT"]
[Date "2025.06.03"]
[Round "7"]
[White "Nikulina, Alena"]
[Black "Luong Phuong Hanh"]
[Result "0-1"]
[WhiteTitle "WFM"]
[BlackTitle "WIM"]
[WhiteElo "1875"]
[BlackElo "2144"]
[WhiteFideId "4172051"]
[BlackFideId "12401013"]
[EventDate "2025.06.03"]

1. e4 c5 2. Nf3 e6 3. d4 cxd4 4. Nxd4 a6 5. Bd3 Bc5 6. Nb3 Be7 7. O-O d6 8. c4
Nf6 9. Nc3 O-O 10. Be3 Nbd7 11. f4 b6 12. Rc1 Bb7 13. Qe2 Rc8 14. Rfd1 Qc7 15.
Bf2 Qb8 16. Bg3 Nc5 17. Nxc5 bxc5 18. b3 Bc6 19. e5 dxe5 20. fxe5 Nd7 21. Qh5 g6
22. Qe2 Rfd8 23. Rf1 Qb7 24. Ne4 Bxe4 25. Bxe4 Qc7 26. Bc2 Nf8 27. Rcd1 Bg5 28.
Qf3 Rxd1 29. Rxd1 Rd8 30. Rd6 Be7 31. Rxd8 Qxd8 32. h3 Qd2 33. Qd3 Qc1+ 34. Kh2
h5 35. Qe4 h4 36. Bf4 Qf1 37. Bd3 Qf2 38. Qe3 Qxa2 39. Bg5 Bxg5 40. Qxg5 Qxb3
41. Be4 Qxc4 42. Bb1 Qd4 43. Qf6 a5 44. Qf3 Qxe5+ 45. Kh1 Qe1+ 0-1

[Event "Titled Tue 3rd Jun Early"]
[Site "chess.com INT"]
[Date "2025.06.03"]
[Round "7"]
[White "Amarasinghe, A A C B"]
[Black "Silva, Pedro Gil Ferreira Da"]
[Result "0-1"]
[WhiteTitle "CM"]
[BlackTitle "FM"]
[WhiteElo "1949"]
[BlackElo "2262"]
[WhiteFideId "9901809"]
[BlackFideId "1946102"]
[EventDate "2025.06.03"]

1. d4 Nf6 2. c4 e6 3. g3 Bb4+ 4. Bd2 Qe7 5. Bg2 O-O 6. Nf3 Bxd2+ 7. Nbxd2 d6 8.
O-O Re8 9. e4 e5 10. d5 Bg4 11. h3 Bxf3 12. Qxf3 a5 13. b3 Nbd7 14. a3 c6 15. b4
axb4 16. axb4 c5 17. Qb3 cxb4 18. Qxb4 Nc5 19. Rfb1 Rec8 20. f3 Qc7 21. Bf1 Nfd7
22. h4 Rxa1 23. Rxa1 Qb6 24. Qxb6 Nxb6 25. Bh3 Ra8 26. Rxa8+ Nxa8 27. f4 f6 28.
Kf2 Nb6 29. Ke2 Nba4 30. Kd1 Nc3+ 31. Kc2 N3xe4 32. Nxe4 Nxe4 33. Kb3 Nxg3 34.
Bc8 b6 35. fxe5 fxe5 36. Kb4 h5 37. Kb5 e4 38. Kxb6 e3 39. c5 e2 40. cxd6 e1=Q
41. Be6+ Kf8 42. d7 Ke7 43. d6+ Kd8 0-1

[Event "Titled Tue 3rd Jun Early"]
[Site "chess.com INT"]
[Date "2025.06.03"]
[Round "7"]
[White "Salimova, Asal"]
[Black "Chaulagain, Purusottam"]
[Result "1-0"]
[WhiteTitle "WCM"]
[BlackTitle "CM"]
[WhiteElo "2003"]
[BlackElo "1898"]
[WhiteFideId "14204940"]
[BlackFideId "12300730"]
[EventDate "2025.06.03"]

1. c4 e6 2. d4 d5 3. Nc3 c6 4. cxd5 exd5 5. Bf4 Nf6 6. e3 Bd6 7. Bg3 O-O 8. Bd3
Bg4 9. Nge2 Qe7 10. O-O Bxg3 11. hxg3 Nbd7 12. Qc2 Rfe8 13. a4 Ne4 14. Nxe4 dxe4
15. Bc4 c5 16. Nf4 cxd4 17. exd4 Nb6 18. Bb5 Rec8 19. Qb3 Rd8 20. a5 Nc8 21. d5
Nd6 22. Be2 Bxe2 23. Nxe2 Rac8 24. Rad1 Qe5 25. Rd4 a6 26. Rfd1 Nb5 27. Rc4 Rxc4
28. Qxc4 Qxb2 29. Qxe4 Qa2 30. Qe7 Rb8 31. d6 Qc2 32. Rc1 Qd2 33. d7 Na7 34.
Rc8+ Rxc8 35. dxc8=Q+ Nxc8 36. Qe8# 1-0

[Event "Titled Tue 3rd Jun Early"]
[Site "chess.com INT"]
[Date "2025.06.03"]
[Round "7"]
[White "Yevchenko, Oleksandr"]
[Black "Skiadopoulos, Nikolaos"]
[Result "0-1"]
[WhiteTitle "CM"]
[BlackTitle "CM"]
[WhiteElo "2276"]
[BlackElo "1882"]
[WhiteFideId "14108267"]
[BlackFideId "4200772"]
[EventDate "2025.06.03"]

1. c4 Nf6 2. Nc3 e5 3. Nf3 d6 4. d4 e4 5. Ng5 Bf5 6. Qc2 Qe7 7. f3 Nc6 8. Ngxe4
Nxd4 9. Qa4+ Bd7 10. Qd1 Nxe4 11. Qxd4 Nxc3 12. Qxc3 O-O-O 13. Bd2 Rg8 14. O-O-O
g6 15. e4 Bg7 16. Qa5 Kb8 17. Be3 b6 18. Qa3 Bc6 19. Kb1 Rge8 20. Bd3 f5 21.
Rhe1 fxe4 22. Bf2 Qf6 23. Bc2 exf3 24. Rxe8 Rxe8 25. gxf3 Bxf3 26. Rg1 Be4 27.
Bxe4 Rxe4 28. Be1 Qf5 29. Ka1 Rxc4 30. Qg3 Rc1# 0-1

[Event "Titled Tue 3rd Jun Early"]
[Site "chess.com INT"]
[Date "2025.06.03"]
[Round "7"]
[White "Abraham, John Z"]
[Black "King, Alexander"]
[Result "1-0"]
[BlackTitle "FM"]
[WhiteElo "2100"]
[BlackElo "2263"]
[WhiteFideId "30987318"]
[BlackFideId "2063620"]
[EventDate "2025.06.03"]

1. d4 d5 2. c4 e6 3. cxd5 exd5 4. Nc3 c6 5. Qc2 Bd6 6. Nf3 Ne7 7. Bg5 Bf5 8. Qb3
Qb6 9. e3 Qxb3 10. axb3 Ng6 11. Kd2 f6 12. Bh4 Nxh4 13. Nxh4 Be6 14. Bd3 g6 15.
f4 Bd7 16. f5 g5 17. Nf3 Kf7 18. g4 Kg7 19. h4 h6 20. e4 dxe4 21. Nxe4 Bf4+ 22.
Kc3 a5 23. Nc5 Bc8 24. Rae1 Bd6 25. hxg5 hxg5 26. Rxh8 1-0

[Event "Titled Tue 3rd Jun Early"]
[Site "chess.com INT"]
[Date "2025.06.03"]
[Round "7"]
[White "Karvatskyi, Oleksii"]
[Black "Uzuner, Tufan Can"]
[Result "1-0"]
[WhiteTitle "CM"]
[BlackTitle "CM"]
[WhiteElo "2248"]
[BlackElo "1886"]
[WhiteFideId "14191059"]
[BlackFideId "6300499"]
[EventDate "2025.06.03"]

1. Nc3 d5 2. e4 c6 3. d4 dxe4 4. Nxe4 Nf6 5. Ng5 Bf5 6. N1f3 e6 7. Ne5 Bg6 8. c3
Bd6 9. Nxg6 hxg6 10. h4 Nbd7 11. Bd3 Qc7 12. Qb3 Nd5 13. c4 Nf4 14. g3 Nxd3+ 15.
Qxd3 Bb4+ 16. Kf1 Nf6 17. a3 Bd6 18. c5 Be7 19. Bf4 Qd7 20. Rd1 Nd5 21. Ne4 Nxf4
22. gxf4 O-O-O 23. b4 Rxh4 24. Rxh4 Bxh4 25. Nd6+ Kb8 26. b5 cxb5 27. Rb1 a6 28.
a4 Be7 29. axb5 Bxd6 30. bxa6 Bxc5 31. Rxb7+ Qxb7 32. axb7 Kxb7 33. Qe4+ Rd5 34.
dxc5 Kc6 35. Qa4+ Kxc5 36. Qa7+ Kd6 37. Qxf7 Rf5 38. Qg8 Rf6 39. Qxg7 Rxf4 40.
Qxg6 Rf5 41. Ke2 Re5+ 42. Kd3 Rd5+ 43. Ke4 Re5+ 44. Kf4 Rd5 45. Qf6 Kd7 46. Ke4 1-0

[Event "Titled Tue 3rd Jun Early"]
[Site "chess.com INT"]
[Date "2025.06.03"]
[Round "7"]
[White "Shapiro, Daniel"]
[Black "Rodriguez Avila, Alvaro"]
[Result "0-1"]
[WhiteTitle "FM"]
[BlackTitle "CM"]
[WhiteElo "2284"]
[BlackElo "2204"]
[WhiteFideId "2001780"]
[BlackFideId "24570249"]
[EventDate "2025.06.03"]

1. d4 Nf6 2. c4 Nc6 3. Nf3 e6 4. a3 d6 5. Bf4 g6 6. h3 Bg7 7. Nc3 O-O 8. e3 Qe7
9. Bh2 e5 10. d5 Nb8 11. e4 Nbd7 12. b4 a5 13. Bd3 Nh5 14. O-O Nf4 15. Bc2 Qf6
16. Ne1 Nb6 17. Bb3 Qg5 18. Kh1 axb4 19. axb4 Bd7 20. c5 Rxa1 21. Qxa1 Ra8 22.
Qc1 Nc8 23. Bg3 Nxh3 24. Qxg5 Nxg5 25. Nc2 h6 26. f3 Kh7 27. Bf2 f5 28. Be3 f4
29. Bf2 Nf7 30. Bc4 g5 31. Ra1 Rxa1+ 32. Nxa1 h5 33. Nb3 g4 34. Na5 b6 35. Nc6
Ng5 36. fxg4 hxg4 37. cxb6 Nxb6 38. Bxb6 cxb6 39. Na4 g3 40. Nxb6 Bg4 41. Na8 f3
42. gxf3 Bxf3+ 43. Kg1 Nh3+ 0-1

[Event "Titled Tue 3rd Jun Early"]
[Site "chess.com INT"]
[Date "2025.06.03"]
[Round "7"]
[White "Masague Artero, Guerau"]
[Black "Shafer, Logan C"]
[Result "0-1"]
[WhiteTitle "FM"]
[BlackTitle "CM"]
[WhiteElo "2326"]
[BlackElo "2291"]
[WhiteFideId "32098952"]
[BlackFideId "30993342"]
[EventDate "2025.06.03"]

1. f4 d5 2. Nf3 Nf6 3. g3 c5 4. Bg2 g6 5. O-O Bg7 6. d3 O-O 7. Nc3 Qb6 8. e4
dxe4 9. dxe4 Rd8 10. Qe1 Nc6 11. e5 Ne8 12. Qf2 Nd4 13. Nxd4 cxd4 14. Nd5 Qc5
15. b4 Qc4 16. Nxe7+ Kf8 17. Nxc8 Raxc8 18. Bxb7 Rc7 19. Be4 Qxb4 20. a4 Kg8 21.
Bd2 Qc5 22. Rfb1 Rcc8 23. Rb5 Qe7 24. Rab1 Nd6 25. Bd3 Nxb5 26. axb5 Bf8 27. Ra1
Qb7 28. f5 Rc5 29. e6 fxe6 30. fxg6 hxg6 31. Bxg6 Rxb5 32. Rf1 Bc5 33. Bd3 Rb1
34. Bc1 Rf8 35. Qe2 Rxf1+ 36. Qxf1 Ba3 37. Qf6 Rxc1+ 38. Kf2 Qf7 0-1

[Event "Titled Tue 3rd Jun Early"]
[Site "chess.com INT"]
[Date "2025.06.03"]
[Round "7"]
[White "Hayrapetyan, Artavazd R."]
[Black "Rojas Alarcon, Julian Antonio"]
[Result "1-0"]
[WhiteTitle "FM"]
[BlackTitle "FM"]
[WhiteElo "2350"]
[BlackElo "2365"]
[WhiteFideId "13304240"]
[BlackFideId "5107407"]
[EventDate "2025.06.03"]

1. Nc3 g6 2. d4 d5 3. f3 Bg7 4. Bf4 c5 5. e3 cxd4 6. exd4 Nc6 7. Nb5 Kf8 8. c3
Nf6 9. Bd3 Nh5 10. Be3 e5 11. dxe5 Nxe5 12. Ne2 Qh4+ 13. Bf2 Qg5 14. O-O Bh3 15.
Ng3 Bxg2 16. Kxg2 Nf4+ 17. Kh1 Nfxd3 18. f4 Qxf4 19. Bc5+ Kg8 20. Rxf4 Nxf4 21.
Bxa7 h5 22. Be3 Nfd3 23. Qc2 Re8 24. Bd4 h4 25. Nf1 h3 26. Ng3 Rh4 27. Rf1 f5
28. Rd1 f4 29. Nf1 Ng4 30. Qxd3 Re3 31. Qc2 Rf3 32. Bxg7 Rf2 33. Qxg6 Rg2 34.
Bf6+ Kf8 35. Qg7+ Ke8 36. Qe7# 1-0

[Event "Titled Tue 3rd Jun Early"]
[Site "chess.com INT"]
[Date "2025.06.03"]
[Round "7"]
[White "Hrabinska, Myroslava"]
[Black "Garcia Alarcon, Alvaro COL"]
[Result "0-1"]
[WhiteTitle "WGM"]
[BlackTitle "FM"]
[WhiteElo "2121"]
[BlackElo "2105"]
[WhiteFideId "14109190"]
[BlackFideId "4400330"]
[EventDate "2025.06.03"]

1. e4 g6 2. d4 Bg7 3. Nc3 d6 4. Bg5 Nc6 5. d5 Nb8 6. f4 h6 7. Bh4 c5 8. Nf3 Nd7
9. Be2 Qc7 10. O-O a6 11. a4 c4 12. a5 Ngf6 13. Nd4 O-O 14. Bg3 b5 15. axb6 Qxb6
16. Bf2 Qc7 17. Nc6 Nb8 18. Na5 Nbd7 19. Nxc4 Nc5 20. e5 Nfd7 21. exd6 exd6 22.
Qd2 Nf6 23. Na5 Nfe4 24. Nxe4 Nxe4 25. Qd3 Bf5 26. Qa3 Nxf2 27. Rxf2 Bd4 28. Nc6
Bxf2+ 29. Kxf2 Bxc2 30. Rc1 Bf5 31. g4 Qb6+ 32. Kg3 Bd7 33. Ne7+ Kh7 34. Qc3
Rab8 35. Bd3 Qe3+ 36. Kg2 Qxf4 37. h3 Qe5 0-1

[Event "Titled Tue 3rd Jun Early"]
[Site "chess.com INT"]
[Date "2025.06.03"]
[Round "7"]
[White "Skytte, Robert"]
[Black "Karimova, Guldona"]
[Result "0-1"]
[WhiteTitle "CM"]
[BlackTitle "WIM"]
[WhiteElo "2007"]
[BlackElo "2265"]
[WhiteFideId "1471775"]
[BlackFideId "14210410"]
[EventDate "2025.06.03"]

1. e4 e5 2. Nf3 d6 3. d4 exd4 4. Nxd4 Nf6 5. Nc3 Be7 6. Bc4 O-O 7. O-O c6 8. f3
b5 9. Bd3 b4 10. Nce2 c5 11. Nf5 Bxf5 12. exf5 d5 13. b3 Nfd7 14. Bb2 Bf6 15.
Bxf6 Qxf6 16. Ng3 Nb6 17. Qd2 N8d7 18. Nh5 Qd4+ 19. Kh1 c4 20. f6 Qe5 21. fxg7
Rfd8 22. Ng3 cxd3 23. f4 Qxg7 24. f5 Nf6 25. Rf4 Kh8 26. Raf1 Rg8 27. cxd3 a5
28. R4f3 Qg5 29. h3 Qxd2 0-1

[Event "Titled Tue 3rd Jun Early"]
[Site "chess.com INT"]
[Date "2025.06.03"]
[Round "7"]
[White "Csonka, Balazs"]
[Black "Madaminov, Mukhiddin"]
[Result "0-1"]
[WhiteTitle "IM"]
[BlackTitle "GM"]
[WhiteElo "2469"]
[BlackElo "2520"]
[WhiteFideId "742910"]
[BlackFideId "14210703"]
[EventDate "2025.06.03"]

1. d4 Nf6 2. c4 g6 3. Nc3 Bg7 4. e4 d6 5. h3 O-O 6. Be3 e5 7. d5 a5 8. g4 Na6 9.
Nge2 Nd7 10. h4 Ndc5 11. Ng3 Bd7 12. Be2 Bf6 13. g5 Be7 14. Qd2 Nb4 15. h5 Ra6
16. Rh2 Rb6 17. f3 c6 18. Kf2 cxd5 19. cxd5 Be8 20. hxg6 fxg6 21. Rah1 Rf7 22.
Kg2 Bd7 23. Bxc5 dxc5 24. a3 Bxg5 25. Qd1 Na6 26. Bc4 Rxb2+ 27. Nce2 b5 28. Qc1
Bxc1 0-1

[Event "Titled Tue 3rd Jun Early"]
[Site "chess.com INT"]
[Date "2025.06.03"]
[Round "7"]
[White "Mottola, Max"]
[Black "Smirnov, Mark"]
[Result "0-1"]
[BlackTitle "FM"]
[WhiteElo "2128"]
[BlackElo "2348"]
[WhiteFideId "30985862"]
[BlackFideId "13764594"]
[EventDate "2025.06.03"]

1. d4 Nf6 2. Bf4 c5 3. d5 b5 4. c4 Bb7 5. a4 bxc4 6. Nc3 Qa5 7. Bd2 Qb6 8. e4 e6
9. a5 Qc7 10. Bxc4 Nxe4 11. a6 Bxd5 12. Nxd5 exd5 13. Bxd5 Qe5 14. Be3 Nc6 15.
Nf3 Qf5 16. O-O Be7 17. Bxc6 dxc6 18. Qa4 Rc8 19. Rad1 O-O 20. Qb3 Rb8 21. Qc2
Bf6 22. b3 Rb5 23. Nd2 Ng3 0-1

[Event "Titled Tue 3rd Jun Early"]
[Site "chess.com INT"]
[Date "2025.06.03"]
[Round "7"]
[White "Wyss, Jonas"]
[Black "Tilahun, Abel Mathewos"]
[Result "0-1"]
[WhiteTitle "FM"]
[BlackTitle "CM"]
[WhiteElo "2278"]
[BlackElo "1944"]
[WhiteFideId "1311387"]
[BlackFideId "15702391"]
[EventDate "2025.06.03"]

1. e4 e6 2. d4 d5 3. exd5 exd5 4. Nf3 Nf6 5. Bd3 c6 6. c4 Bb4+ 7. Nc3 O-O 8. O-O
dxc4 9. Bxc4 Bg4 10. Be3 Nbd7 11. h3 Bh5 12. g4 Bg6 13. Ne5 Nb6 14. Bb3 Nbd5 15.
Nxg6 hxg6 16. g5 Nxe3 17. fxe3 Nd5 18. Nxd5 cxd5 19. Qg4 Re8 20. Rf3 Re4 21. Qg2
Qd7 22. Raf1 Rf8 23. Kh2 Bd6+ 24. Kh1 Bc7 25. Qg4 Qd6 26. Qg2 Qd7 27. R1f2 Qd6
28. Rxf7 Rxf7 29. Rxf7 Kxf7 30. Qxe4 Qh2# 0-1

[Event "Titled Tue 3rd Jun Early"]
[Site "chess.com INT"]
[Date "2025.06.03"]
[Round "7"]
[White "Saiz Rodriguez, Daniel Evelio"]
[Black "Sapocinic, Semion"]
[Result "0-1"]
[WhiteTitle "FM"]
[BlackTitle "FM"]
[WhiteElo "2187"]
[BlackElo "2309"]
[WhiteFideId "3523420"]
[BlackFideId "13908693"]
[EventDate "2025.06.03"]

1. c4 e5 2. Nc3 Nf6 3. Nf3 Nc6 4. e4 Bb4 5. d3 d6 6. a3 Ba5 7. b4 Bb6 8. Be3 Bg4
9. Be2 O-O 10. O-O Bxf3 11. Bxf3 Nd4 12. Na4 Nxf3+ 13. Qxf3 Bxe3 14. fxe3 a5 15.
b5 Nd7 16. Qg4 Nc5 17. Nb2 Qc8 18. Qh4 Qd8 19. Qg4 Qd7 20. Rf5 Kh8 21. Raf1 g6
22. Qh4 Kg8 23. R1f3 Rae8 24. Rf6 Qe7 25. g4 Nd7 26. g5 h5 27. Rg3 Kg7 28. Nd1
Nxf6 29. gxf6+ Qxf6 30. Qh3 Qe6 31. Qg2 c6 32. Nf2 cxb5 33. cxb5 Rc8 34. Qf3
Rc1+ 35. Kg2 Qf6 36. Qxf6+ Kxf6 0-1